Normal view
MARC view
- تاليف دوجلاس ، مارى بيكوك /تعريب عبدالرحمن الشيخ
Entry Personal Name
001 - CONTROL NUMBER
- control field: 10654
003 - CONTROL NUMBER IDENTIFIER
- control field: JO-AjAnu
005 - DATE AND TIME OF LATEST TRANSACTION
- control field: 20230606072017.0
008 - FIXED-LENGTH DATA ELEMENTS
- fixed length control field: 230606|| aca||aabn | a|a d
040 ## - CATALOGING SOURCE
- Original cataloging agency: JO-AjAnu
- Transcribing agency: JO-AjAnu
100 ## - HEADING--PERSONAL NAME
- Personal name: تاليف دوجلاس ، مارى بيكوك /تعريب عبدالرحمن الشيخ
670 ## - SOURCE DATA FOUND
- Source citation: Work cat.: (JO-AjAnu)5485: تاليف دوجلاس ، مارى بيكوك /تعريب عبدالرحمن الشيخ, author, مكتبة المدرسة الابتدائية وما تؤديه من خدمات